Arifmetika dlja 3. klasu osnovnoji devjatiričnoji školy

Bibliographic Details
Main Authors: Zelina, Ladislav, 1922-2013 (Author), Lečko, Imrich, 1915-1974 (Author), Brož, Jozef (Author)
Format: Book
Language:Ukrainian
Slovak
PhysicalDescription:239 strán ilustrácie 21 cm
Published: Bratislava Slovenské pedagogické nakladateľstvo 1961
Edition:1. vyd.
Subjects:

MARC

LEADER 00000cam a2200000 a 4500
001 vtls001288507
003 SK-MaSNL
005 20260301064901.0
008 240226s1961 xo a brp 000 0 ukr
015 |a SNBA1961 
020 |q (viazané) 
035 |a SNK000240109 
035 |a urn:nbn:sk:snk-am3is7a 
035 |a 2CF52CE0-9BAC-46C6-97A2-75EBACB4D986 
035 |a urn:nbn:sk:snk-am00ffu9 
040 |a SNK  |b slo  |c SNK  |e AACR2 
041 1 |a ukr  |h slo 
044 |a xo  |c SK 
072 7 |a 51  |x Matematika  |2 konspekt 
072 7 |a 511.1  |x Aritmetika  |2 konspekt 
072 7 |a 37.016  |x Učebné osnovy. Vyučovacie predmety. Učebnice  |2 konspekt 
080 |a 511.1  |2 2011 
080 |a (075.2)  |2 2011 
080 |a 51  |2 2011 
080 |a 37.016:511-028.31  |2 2011 
100 1 |a Zelina, Ladislav,  |d 1922-2013  |4 aut  |9 101192 
240 1 0 |a Počtovnica pre tretí ročník ZDŠ  |l Ukrajinsky 
245 1 0 |a Arifmetika dlja 3. klasu osnovnoji devjatiričnoji školy  |c Ladislav Zelina, Imrich Lečko, Jozef Brož 
250 |a 1. vyd. 
260 |a Bratislava  |b Slovenské pedagogické nakladateľstvo  |c 1961 
300 |a 239 strán  |b ilustrácie  |c 21 cm 
500 |a Preložené zo slovenčiny 
650 0 7 |a matematika  |2 SNKPH  |9 70174 
650 0 7 |a aritmetika  |2 SNKPH  |9 734 
650 0 7 |a počítanie  |2 SNKPH  |9 4104 
655 7 |a učebnice základných škôl  |2 SNKPH  |9 70187 
700 1 |a Lečko, Imrich,  |d 1915-1974  |4 aut  |9 191101 
700 1 |a Brož, Jozef  |4 aut  |9 382822 
852 |a Slovenská národná knižnica 
954 |a odborná, vedecká literatúra pôvodná (slovenská)  |2 lita 
958 |a RK 
958 |a TL 
958 |a OND 
958 |a UC 
958 |a DB 
958 |a OP 
958 |a EUIPO 
999 |c 628593  |d 630523 
952 |t P60, <04>, [BOOK], {604}  |a SNK  |b SNK  |y VYP  |7 0  |p 17A0068700  |o snkSC 17097 D1  |0 0  |1 0  |4 0  |d 1997-05-27  |l 0  |r 2005-01-02 00:00:00  |w 2026-02-23 
952 |a SNK  |b SNK  |y PREZ  |7 0  |p 17A0846579  |o snkSC 17097  |i snkKSP 5556/62  |0 0  |1 0  |4 0  |d 2020-09-22  |f 1  |l 0  |r 2025-07-18 00:00:00  |w 2026-02-23